000 00474nam a22001697a 4500
005 20251108172647.0
008 250721s1999 xx 000 0 ara d
082 1 4 _a336.206/ناش
100 1 _aناش، سوزي
_eمؤلف
245 1 0 _aظاهرة التهريب الضريبي الدولي /
264 1 _aالقاهرة :
_c1999.
300 _a335ص
650 1 7 _aالضرائب
650 1 7 _aالتهرب من الضرائب
942 _2ddc
_cBK
999 _c85226
_d85226